| LEADER |
00971nam0a2200193 450 |
| 001 |
16860161 |
| 010 |
|
|
|a 978-2-260-05537-2
|b br.
|d 20
|
| 100 |
|
|
|a 20221017d2023 u u0frey01 ba
|
| 101 |
0 |
|
|a fre
|
| 102 |
|
|
|a FR
|
| 200 |
0 |
|
|a Ceci n'est pas un fait divers
|f Philippe Besson
|
| 207 |
|
1 |
|a
|
| 210 |
|
|
|a Paris
|c Julliard
|d 2023
|
| 215 |
|
|
|a 1 vol. (203 p.)
|d 21 x 14 cm
|
| 330 |
|
|
|a Léa, 13 ans, vit chez ses parents à Blanquefort, en Gironde, tandis que son frère, 19 ans, est parti à Paris étudier la danse. Un jour, ce dernier reçoit un appel de sa sur affolée qui lui apprend que leur mère a succombé sous les coups de leur père. Il saute aussitôt dans un train et découvre, sur place, l'effroyable réalité : le cadavre de sa mère, sa sur mutique et son père en fuite.
|
| 700 |
|
0 |
|a Besson
|b Philippe
|f 1967-....
|4 70
|
| 900 |
|
|
|a Roman
|
| 901 |
|
|
|a Adultes
|
| 995 |
|
|
|a Médiathèque
|c Médiathèque
|f 089019667
|h 089019667
|k R BES
|o p
|q a
|r az
|e Médiathèque
|